|
|
|
|
| LEADER |
01227nam a2200277 a 4500 |
| 001 |
0017829 |
| 003 |
BD-DhAAL |
| 008 |
090629s2007 enka 001 0 eng d |
| 020 |
|
|
|a 1904705979 (pbk.) :
|c Đ17.99
|
| 020 |
|
|
|a 9781904705970 (pbk.) :
|c Đ17.99
|
| 040 |
|
|
|a StDuBDS
|b eng
|c StDuBDS
|d Uk
|d BD-DhAAL
|
| 082 |
0 |
4 |
|a 745.4
|2 22
|
| 100 |
1 |
|
|a Raimes, Jonathan.
|9 31971
|
| 245 |
1 |
0 |
|a Retro graphics cookbook /
|c Jonathan Raimes and Lakshmi Bhaskaran.
|
| 260 |
|
|
|a Lewes :
|b Ilex,
|c 2007.
|
| 300 |
|
|
|a 175 p. :
|b col. ill. ;
|c 24 cm
|
| 500 |
|
|
|a Includes index.
|
| 500 |
|
|
|a Formerly CIP.
|
| 526 |
|
|
|a ARC
|x Md. Shajjad Hossain,
Faculty members of the Department of Architecture
|
| 541 |
1 |
|
|e 00017829
|a Zeenat Book Supply LTD
|
| 650 |
0 |
|
|a Graphic arts
|x History
|y 20th century
|x Themes, motives.
|9 31972
|
| 700 |
1 |
|
|a Bhaskaran, Lakshmi.
|9 31973
|
| 852 |
4 |
|
|a Ayesha Abed Library
|c General Stacks
|
| 942 |
|
|
|2 ddc
|c BK
|
| 999 |
|
|
|c 1862
|d 1862
|
| 952 |
|
|
|0 0
|1 4
|2 ddc
|4 0
|6 745_400000000000000_RAI
|7 0
|9 1705
|a BRACUL
|b BRACUL
|c GEN
|d 2009-06-29
|e Zeenat Book Supply Limited
|g 2428.00
|l 0
|o 745.4 RAI
|p 3010017829
|r 2009-06-29
|t 1
|w 2009-06-29
|y BK
|x Koha Inventory 2020 ; Requisitioned by Md. Shajjad Hossain (Faculty members of the Department of Architecture).
|